Регионална библиотека "Любен Каравелов" - Русе

Христо Йончев - Крискарец (Запис номер 210633)

MARC детайли
000 -Лидер
Контролно поле с фиксирана дължина 01894nkm a2200385 c 4500
003 - Код на организацията, давaща контролен номер
Контролно поле BLK
005 - Дата и час на последна редакция
Контролно поле 20240312092213.0
008 - Елементи от данни с фиксирана дължина
fixed length control field 180412b bul rap|r|||| r0| ||bulo|
010 ## - Наследен системен номер
LC control number KNG00167842000
040 ## - Източник на каталожния запис
Идентификатор на билиотеката - собственик на записа BLK
041 ## - Код за език
Код за езика на текст/звукозапис или на отделно заглавие Български
Код за езика КДБФ Български
Други езици Немски
-- Френски
-- Руски
080 ## - УДК
Текстов определител УДК Живопис - художници
УДК код - определител по УДК 75.071.1
УДК определител (497.2)(092)
УДК - код + определител 75.071.1(497.2)(092)
080 ## - УДК
Текстов определител УДК Живописец
УДК код - определител по УДК 929 Йончев - Крискарец, Христо
УДК - код + определител 929 Йончев - Крискарец, Христо
139 ## - Редно поле
Редна дума Джурова, Аксиния Добрева
Авторски знак Ионч - И 82
245 10 - Сведения за заглавието
Заглавие Христо Йончев - Крискарец
Подзаглавни данни С 16 цв. репрод.
Редно поле (дума) представен от Аксиния Добрева Джурова; Христо Йончев - Крискарец; Христо Зафиров Йончев.
257 ## - Страна на издаване
Страна на създаване/издаване България
260 ## - Област на издателските данни
Име на издателя, разпространителя и проч. Бълг. художник
Година на издаване 1973
Място на издаване, разпространение и проч. София
300 ## - Физическа характеристика
Страници 32 с., 16 л.
Илюстрации и др. репрод.
Размери/Мащаб 25 см
380 ## - Жанр
Жанр Изкуство
490 1# - СЕРИИ (Колекции)
Име на серия Библиотека Съвременна българска живопис
500 ## - Общи забележки
Забележка Крискарец е псевд. на Христо Зафиров Йончев. - 1 120 тир.
600 14 - Име на лице, използвано като предмет
За него / За нея Йончев - Крискарец, Христо
9 (RLIN) 352501
650 #4 - Допълнително описание по предмет – тема
Основно описание – тема или топоним Художници, български - албуми
9 (RLIN) 290224
651 #4 - Допълнително описание по предмет - топоним
Географско понятие България
9 (RLIN) 241624
653 ## - Ключова дума – ненормативна
Ключова дума български художници
700 1# - Други автори (авторска отговорност)
Лично име Джурова, Аксиния Добрева
9 (RLIN) 61250
700 1# - Други автори (авторска отговорност)
Лично име Йончев - Крискарец, Христо
9 (RLIN) 352501
700 1# - Други автори (авторска отговорност)
Лично име Йончев, Христо Зафиров
9 (RLIN) 387248
852 ## - Местоположение
Форматна сигнатура Цб ІІ 26519
Фондова буква Хранилище
999 ## - СИСТЕМНИ КОНТРОЛНИ НОМЕРА
Koha biblionumber 210633
Koha biblioitemnumber 210633
942 ## - АРТИКУЛИ
Вид на библиотечния материал Графични издания
Скрит в OPAC Не
Периодичен библиозапис Да
944 ## - СЪЗДАВАНЕ И РЕДАКЦИЯ на ЗАПИСА
Създаване/Редакция Създаване
Дата на регистрацията/редакция 27.11.2014
Статус, дата на статуса Геновева Генчева
Служител, извършил регистрацията/редакцията 30560
944 ## - СЪЗДАВАНЕ И РЕДАКЦИЯ на ЗАПИСА
Създаване/Редакция Редакция
Дата на регистрацията/редакция 18.01.2017
Статус, дата на статуса 27.11.2014 - от С1,Р / 27.11.2014
Служител, извършил регистрацията/редакцията Виолета_Тройчева
944 ## - СЪЗДАВАНЕ И РЕДАКЦИЯ на ЗАПИСА
Създаване/Редакция Редакция
Дата на регистрацията/редакция 2021-02-11
Служител, извършил регистрацията/редакцията СТ
999 ## - СИСТЕМНИ КОНТРОЛНИ НОМЕРА
Koha biblioitemnumber 210633
Наличности
Код за отписване Код за изгубен артикул Източник на класификационната схема Код за повреда Коз за рестрикции Код за отдаване Артикулен № Име на библиотеката - собственик Име на библиотеката, в която се намира в момента Статус (Текущо местоположение) Дата на вписване в системата Местоположение - отдел Цена в лева Инвентарен номер Систематично азбучна сигнатура Баркод Номер на екземпляра Цена в евро Служебна бележка Служебен тип на артикула
  Не е изгубен Universal Decimal Classification Не е повреден без рестрикции заемане за дома 362298 Регионална библиотека "Любен Каравелов" Русе Регионална библиотека "Любен Каравелов" Русе Отдел Изкуство - подръчен фонд 1973-01-01 Отдел Изкуство - подръчен фонд 3.50 167642 75(497.2)(092)/И 82 120000167642 1 1.79 Дост: Pk Вид: Ф N: стар фонд Дата: 01.01.1973 Дата инв: 04.06.2015 Бележки инв: ГрИ2015 Графични издания
Изтеглен Не е изгубен Universal Decimal Classification Не е повреден без рестрикции заемане за дома 362299 Регионална библиотека "Любен Каравелов" Русе Регионална библиотека "Любен Каравелов" Русе Отдел Изкуство - подръчен фонд 1973-01-01 Отдел Изкуство - подръчен фонд 3.50 150206 75(497.2)(092)/И 82 150206 2 1.79 Дост: Pk Вид: Ф N: стар фонд Дата: 01.01.1973 Графични издания
  Не е изгубен Universal Decimal Classification Не е повреден само за читалня ползва се в читалня 362300 Регионална библиотека "Любен Каравелов" Русе Регионална библиотека "Любен Каравелов" Русе Хранилище 1973-01-01 Хранилище 3.50 149846 Цб ІІ 26519 120000149846 3 1.79 Дост: Dp Вид: Д N: стар фонд Дата: 01.01.1973 Графични издания
Vip Innovations Ltd, Rousse, Bulgaria 2025